[Event "Budapest Art Pub Cup 3rd"]
[Site "Budapest"]
[Date "2014.01.05"]
[Round "7"]
[White "Gombocz, Judit"]
[Black "Revesz, Hunor"]
[Result "1-0"]
[WhiteElo "1219"]
[BlackElo "1320"]
[PlyCount "51"]
[EventDate "2014.01.02"]
[EventType "swiss"]
[EventRounds "7"]
[EventCountry "HUN"]
[SourceTitle "CBM 158 Extra"]
[Source "ChessBase"]
[SourceDate "2014.02.28"]
[SourceVersion "1"]
[SourceVersionDate "2014.02.28"]
[SourceQuality "1"]

1. d4 e6 2. Nf3 b6 3. b3 Bb7 4. Nbd2 Bb4 5. Bb2 Nf6 6. e3 0-0 7. Bd3 Nc6 8. 0-0 Re8 9. Ne5 Qe7 10. f4 Rad8 11. Ndf3 Nd5 12. Qe2 d6 13. Nxc6 Bxc6 14. c3 Nxc3 15. Bxc3 Bxc3 16. Rac1 Ba5 17. Rxc6 Qd7 18. Rfc1 Rc8 19. Ba6 Ra8 20. Rxc7 Qd8 21. Qb5 Qf6 22. b4 Qg6 23. bxa5 Qe4 24. Qd3 Qd5 25. a4 Qxa5 26. Qb5 1-0

[Event "Budapest Art Pub Cup 3rd"]
[Site "Budapest"]
[Date "2014.01.02"]
[Round "1"]
[White "Orfei, Rolando"]
[Black "Gombocz, Judit"]
[Result "1-0"]
[WhiteElo "1958"]
[BlackElo "1219"]
[PlyCount "39"]
[EventDate "2014.01.02"]
[EventType "swiss"]
[EventRounds "7"]
[EventCountry "HUN"]
[SourceTitle "CBM 158 Extra"]
[Source "ChessBase"]
[SourceDate "2014.02.28"]
[SourceVersion "1"]
[SourceVersionDate "2014.02.28"]
[SourceQuality "1"]

1. e4 e5 2. Nc3 Nf6 3. g3 Nc6 4. Bg2 Bc5 5. Na4 b6 6. h3 d5 7. Nxc5 bxc5 8. exd5 Nxd5 9. Ne2 0-0 10. 0-0 Be6 11. b3 Qd7 12. Kh2 Rfe8 13. Ba3 Qd6 14. Nc3 Rad8 15. Ne4 Qe7 16. Bxc5 Qd7 17. d3 Nd4 18. Bxd4 exd4 19. Nc5 Qd6 20. Nb7 1-0